| 000 | 00770nam a22002651 4500 | ||
|---|---|---|---|
| 001 | 3596644 | ||
| 005 | 20151104091228.0 | ||
| 008 | 710406s1967 enk b 000 0 eng | ||
| 010 | _a 68093190 | ||
| 015 | _aB67-8323 | ||
| 040 |
_aDLC _cDLC _dDLC |
||
| 050 | 0 | 0 |
_aBV811.2 _b.A7 1967 |
| 082 | 0 | 0 | _a234/.16/1 |
| 100 | 1 |
_aArndt, Elmer J. F. _920851 |
|
| 245 | 1 | 4 |
_aThe font and the table/ _cby Elmer J. F. Arndt. |
| 260 |
_aLondon, _bLutterworth P., _c1967. |
||
| 300 |
_a88 p. _c22 cm. |
||
| 350 | _a12/6 | ||
| 440 | 0 |
_aEcumenical studies in worship, _vno. 16 _920852 |
|
| 504 | _aBibliographical footnotes. | ||
| 650 | 0 |
_aBaptism. _920853 |
|
| 650 | 0 |
_aLord's Supper. _920854 |
|
| 906 |
_a7 _bcbc _corignew _du _eopcn _f19 _gy-gencatlg |
||
| 942 |
_2lcc _cMONOGRAPH |
||
| 999 |
_c123715 _d123715 |
||